logo

Bir Sreshtho Munshi Abdur Rouf Library
Jhenaidah Cadet College

মানবতার বন্ধু মুহাম্মদ রসূলুল্লাহ সা. / (Record no. 13849)

MARC details
000 -LEADER
fixed length control field 01017nam a2200253 a 4500
001 - CONTROL NUMBER
JCCL Control Number 13849
003 - CONTROL NUMBER IDENTIFIER
JCCL marc code BD-JhCC
005 - DATE AND TIME OF LATEST TRANSACTION
control field 20240423113420.0
008 - FIXED-LENGTH DATA ELEMENTS--GENERAL INFORMATION
fixed length control field 181026b19982008bg |||| ||a| 000 0 ben d
020 ## - INTERNATIONAL STANDARD BOOK NUMBER
International Standard Book Number 9846450192
035 ## - SYSTEM CONTROL NUMBER
system control number (BD-JhCC)13849
040 ## - CATALOGING SOURCE
Original cataloging agency BD-JhCC
Modifying agency BD-JhCC
041 ## - LANGUAGE CODE
Language code of Book bengali
082 ## - DEWEY DECIMAL CLASSIFICATION NUMBER
Classification number 297
Author mark and Year SID 2008
100 ## - MAIN ENTRY--PERSONAL NAME
Personal name সিদ্দিকী ,নঈম
245 ## - TITLE STATEMENT
Title মানবতার বন্ধু মুহাম্মদ রসূলুল্লাহ সা. /
Statement of responsibility, etc নঈম সিদ্দিকী , অনু:আকরাম ফারুক,মাওলানা আবদুস শহীদ নাসিম।
Remainder of title
260 ## - PUBLICATION, DISTRIBUTION, ETC. (IMPRINT)
Place of publication, distribution, etc ঢাকা:
Name of publisher, distributor, etc শতাব্দী প্রকাশনী;
Date of publication, distribution, etc ২০০৮.
300 ## - PHYSICAL DESCRIPTION
Pagination ৫৭৬ পৃ. :
Dimensions ২১ সেমি.
650 ## - SUBJECT ADDED ENTRY--TOPICAL TERM
Topical term or geographic name as entry element Islamic
700 ## - ADDED ENTRY--PERSONAL NAME
Personal name ফারুক,আকরাম
700 ## - ADDED ENTRY--PERSONAL NAME
Personal name নাসিম,মাওলানা আবদুস শহীদ
942 ## - ADDED ENTRY ELEMENTS (KOHA)
Source of classification or shelving scheme Dewey Decimal Classification
Koha item type Books
Holdings
Source of classification or shelving scheme Damaged status Not for loan Home library Current library Shelving location Date of accession Source of acquisition Cost, normal purchase price Total Checkouts Full call number Barcode Date last seen Copy number Method of acquisition Koha item type Currency
Dewey Decimal Classification     JCC Rouf Library JCC Rouf Library General Stacks   With The Compliments Of 7th Intake 250.00   297 SID 2008 19229 04/23/2024 C-1 Gift/Donation Books BDT

JCC Library | Contacts | JCC Home

Last Update on 23 September 2017
Copyright @ 2017-2020 JCC Rouf Library
Rouf Library, Jhenidah Cadet College (JCC), Bangladesh